000 00775nam a22002297a 4500
003 OSt
005 20230712085452.0
008 221006b |||||||| |||| 00| 0 eng d
040 _cBiblioteca Lado V
082 _a701.18
_bB914r
100 _9882
_aBruzzone, Gustavo A.
_eeditor
245 _aRamona/
_bRevista de artes visuales/
260 _c2000
_bFundacion START
_aArgentina
300 _c20x28cm
_a51p.
490 _v2000
_a8
650 _2Tesauro de Arte & Arquitectura
_aARTE VISUAL
650 _2Tesauro de Arte & Arquitectura
_aANALISIS
650 _2Tesauro de Arte & Arquitectura
_aCRITICA
650 _2Tesauro de Arte & Arquitectura
_aCULTURA
651 _2Tesauro de Arte & Arquitectura
_aARGENTINA
942 _2ddc
_c1
_h701.18
_iB914r
_n0
999 _c4015
_d4015